Statistics for Spongebob Squarepants Trivia

Click here to take the quiz!

General Stats

  • This quiz has been taken 5,348 times
    (5,340 since last reset)
  • The average score is 17 of 20

Answer Stats

Answer% Correct
Who is Spongebob's best friend?Patrick
98%
In what does Spongebob live?Pineapple
98%
What does Patrick live under?A Rock
97%
What does Spongebob have as a pet?A Snail
97%
What is Spongebob's pet named?Gary
97%
Who is Spongebob's angry neighbor?Squidward
97%
Where does Spongebob work?Krusty Krab
96%
What shape is Spongebob Squarepants?Rectangle
94%
What kind of creature is Spongebob?Sponge
93%
What is Patricks last name?Star
93%
Who is Spongebob's boss?Mr. Krabs
92%
Where is Sandy from?Texas
92%
Who is a mammal?Sandy
91%
What is Spongebob's profession?Cook
89%
What is Sandy's profession?Scientist
74%
Where is Spongebob from?Bikini Bottom
73%
What does Plankton try to steal?Secret Formula
71%
What sport does Spongebob partake in?Jellyfishing
65%
What can Spongebob not pass?Boating Exam
39%
What is Lary's profession?Life gaurd
17%

Score Distribution

Percentile by Number Answered

Percent of People with Each Score

Your Score History

You have not taken this quiz since the last reset